[Event "RUS-chT Seniors"]
[Site "Sochi"]
[Date "2018.05.07"]
[Round "7.2"]
[White "Karasev, Vladimir I"]
[Black "Sabaev, Evgueni"]
[Result "1-0"]
[WhiteElo "2336"]
[BlackElo "2125"]
[PlyCount "63"]
[EventDate "2018.05.01"]
[EventType "team-tourn"]
[EventRounds "10"]
[EventCountry "RUS"]
[SourceTitle "EXT 2019"]
[Source "ChessBase"]
[SourceDate "2018.10.10"]
[SourceVersion "1"]
[SourceVersionDate "2018.10.10"]
[SourceQuality "1"]
[WhiteTeam "St Petersburg Bronze Horseman"]
[BlackTeam "Tatarstan Castle"]
[WhiteTeamCountry "RUS"]
[BlackTeamCountry "RUS"]

1. Nf3 e6 2. g3 f5 3. Bg2 Nf6 4. 0-0 d5 5. d3 Nc6 6. d4 Be7 7. c4 0-0 8. cxd5 exd5 9. Nc3 Ne4 10. Qb3 Nxc3 11. Qxc3 Be6 12. Bf4 g5 13. Qe3 gxf4 14. Qxe6+ Kg7 15. gxf4 Rf6 16. Qe3 Rg6 17. Rac1 Bd6 18. Ne5 Bxe5 19. fxe5 Qh4 20. Kh1 f4 21. Qh3 Qe7 22. Bxd5 Nxd4 23. Be4 Nxe2 24. Rcd1 Rd8 25. Bxg6 hxg6 26. Rxd8 Qxd8 27. Qf3 Qd2 28. Qxb7 Qc2 29. Qd5 c5 30. e6 Kf6 31. Re1 Qxb2 32. e7 1-0

[Event "RUS-chT Seniors final"]
[Site "Sochi"]
[Date "2015.05.01"]
[Round "1.1"]
[White "Dragomarezkij, Evgeni"]
[Black "Sabaev, Evgueni"]
[Result "1/2-1/2"]
[WhiteElo "2393"]
[BlackElo "2127"]
[PlyCount "82"]
[EventDate "2015.05.01"]
[EventType "team-tourn"]
[EventRounds "5"]
[EventCountry "RUS"]
[SourceTitle "EXT 2018"]
[Source "ChessBase"]
[SourceDate "2017.10.13"]
[SourceVersion "1"]
[SourceVersionDate "2017.10.13"]
[SourceQuality "1"]

1. d4 e6 2. c4 f5 3. g3 Nf6 4. Bg2 d5 5. Nf3 c6 6. 0-0 Bd6 7. b3 Qe7 8. Bf4 Bxf4 9. gxf4 0-0 10. Nbd2 Ne4 11. e3 Nxd2 12. Qxd2 Bd7 13. Kh1 Be8 14. Rg1 Nd7 15. cxd5 exd5 16. Ne5 Nxe5 17. fxe5 f4 18. Qe2 Bg6 19. e4 f3 20. Bxf3 Rxf3 21. Rxg6 Raf8 22. Rg2 dxe4 23. Rag1 R3f4 24. Qe3 Kh8 25. a4 Qh4 26. Qg3 g6 27. Re1 Qe7 28. Kg1 Kg7 29. Qc3 Qe6 30. Qc4 Qf5 31. Qe2 Qf7 32. Qc4 Qf5 33. Qe2 a5 34. Qd2 Rd8 35. Qxa5 Rxd4 36. Qa7 Rd7 37. Qc5 Rd5 38. Qb6 Qd7 39. Qe3 Qf5 40. Qb6 Rd7 41. Qc5 Rd5 1/2-1/2

[Event "Izhevsk Corporation Cup 6th"]
[Site "Izhevsk"]
[Date "2014.07.18"]
[Round "6"]
[White "Sabaev, Evgueni"]
[Black "Velichko, Arseny"]
[Result "1/2-1/2"]
[WhiteElo "2186"]
[BlackElo "2042"]
[PlyCount "80"]
[EventDate "2014.07.12"]
[EventType "swiss"]
[EventRounds "9"]
[EventCountry "RUS"]
[SourceTitle "CBM 161 Extra"]
[Source "ChessBase"]
[SourceDate "2014.08.29"]
[SourceVersion "1"]
[SourceVersionDate "2014.08.29"]
[SourceQuality "1"]

1. Nf3 d5 2. c4 e6 3. b3 Nf6 4. g3 Be7 5. Bg2 0-0 6. 0-0 a5 7. d4 a4 8. bxa4 Bd7 9. Nc3 Bb4 10. Bd2 Bxc3 11. Bxc3 dxc4 12. a5 Bc6 13. Ne5 Bxg2 14. Kxg2 Nc6 15. Nxc6 Qd5+ 16. f3 Qxc6 17. e4 Rfd8 18. Qc2 b6 19. axb6 cxb6 20. a4 Rd7 21. Rfb1 Rda7 22. Rb4 Ne8 23. Rab1 Ra6 24. Bd2 Rxa4 25. Rxb6 Qc7 26. R1b2 h6 27. R6b5 Qd7 28. Bc3 Qc8 29. Rc5 Qa6 30. d5 exd5 31. exd5 Qd6 32. Qf2 Nf6 33. Bxf6 Qxf6 34. Rc2 Qe5 35. R2xc4 Ra1 36. Re4 Qxd5 37. Qc2 Qe6 38. h4 Re8 39. Kf2 Qd7 40. Rxe8+ Qxe8 1/2-1/2

[Event "Izhevsk Corporation Cup 6th"]
[Site "Izhevsk"]
[Date "2014.07.12"]
[Round "1"]
[White "Kokarev, Dmitry"]
[Black "Sabaev, Evgueni"]
[Result "1-0"]
[WhiteElo "2650"]
[BlackElo "2186"]
[PlyCount "75"]
[EventDate "2014.07.12"]
[EventType "swiss"]
[EventRounds "9"]
[EventCountry "RUS"]
[SourceTitle "CBM 161 Extra"]
[Source "ChessBase"]
[SourceDate "2014.08.29"]
[SourceVersion "1"]
[SourceVersionDate "2014.08.29"]
[SourceQuality "1"]

1. e4 e6 2. d4 d5 3. Nc3 Bb4 4. e5 c5 5. a3 Bxc3+ 6. bxc3 Ne7 7. Qg4 Qc7 8. Qxg7 Rg8 9. Qxh7 cxd4 10. Ne2 Nbc6 11. f4 Bd7 12. Qd3 dxc3 13. Nxc3 a6 14. Ne2 0-0-0 15. h3 Na5 16. Nd4 Nec6 17. Bb2 Nc4 18. 0-0-0 f6 19. Nxc6 Bxc6 20. Qd4 fxe5 21. fxe5 Rg3 22. h4 Rdg8 23. Rh3 R3g4 24. Qc3 Re4 25. Bd3 Nxb2 26. Kxb2 Rxe5 27. h5 Reg5 28. h6 e5 29. Rf1 d4 30. Qb4 Qd8 31. h7 Rh8 32. Rh6 Rg7 33. Bf5+ Bd7 34. Be4 Bb5 35. Rff6 Rc7 36. g4 Rc4 37. Qd6 Qxd6 38. Rxd6 1-0

[Event "Izhevsk Corporation Cup 5th"]
[Site "Izhevsk"]
[Date "2013.07.14"]
[Round "3"]
[White "Ivanov, Stepan"]
[Black "Sabaev, Evgueni"]
[Result "1/2-1/2"]
[WhiteElo "2021"]
[BlackElo "2214"]
[PlyCount "67"]
[EventDate "2013.07.11"]
[EventType "swiss"]
[EventRounds "9"]
[EventCountry "RUS"]
[SourceTitle "EXT 2014"]
[Source "ChessBase"]
[SourceDate "2013.11.20"]
[SourceVersion "1"]
[SourceVersionDate "2013.11.20"]
[SourceQuality "1"]

1. d4 e6 2. c4 f5 3. g3 Nf6 4. Bg2 c6 5. Nh3 d6 6. 0-0 Be7 7. Nc3 0-0 8. Ng5 d5 9. b3 Ne4 10. Ncxe4 fxe4 11. h4 Bf6 12. Be3 Na6 13. Qc2 Nc7 14. Rad1 h6 15. Nh3 Bd7 16. Nf4 Be8 17. f3 exf3 18. exf3 Bf7 19. Rfe1 Re8 20. Ng6 Bxg6 21. Qxg6 e5 22. dxe5 Bxe5 23. Bxh6 Qd6 24. Qxd6 Bxd6 25. Bf4 Bxf4 26. gxf4 Rxe1+ 27. Rxe1 Kf7 28. Kf2 dxc4 29. bxc4 Rd8 30. Bh3 Kf6 31. Re5 Rd2+ 32. Re2 Rd4 33. Re4 Rd2+ 34. Re2 1/2-1/2

[Event "Samara Polugaevsky Memorial 1st"]
[Site "Samara"]
[Date "2011.07.11"]
[Round "7"]
[White "Shapiro, David"]
[Black "Sabaev, Evgueni"]
[Result "1-0"]
[WhiteElo "1991"]
[BlackElo "2252"]
[PlyCount "115"]
[EventDate "2011.07.05"]
[EventType "swiss"]
[EventRounds "9"]
[EventCountry "RUS"]
[SourceTitle "CBM 143 Extra"]
[Source "ChessBase"]
[SourceDate "2011.08.29"]
[SourceVersion "1"]
[SourceVersionDate "2011.08.29"]
[SourceQuality "1"]

1. e4 e6 2. d4 d5 3. Nc3 Bb4 4. e5 c5 5. a3 Ba5 6. b4 cxd4 7. Nb5 Bc7 8. f4 Ne7 9. Nf3 Nbc6 10. Bd3 Bb8 11. 0-0 a6 12. Nbxd4 Ba7 13. Be3 Nxd4 14. Bxd4 Bxd4+ 15. Nxd4 Bd7 16. Kh1 Qb6 17. c3 Rc8 18. Rc1 Nc6 19. Nb3 Ne7 20. Qg4 g6 21. Nc5 Bb5 22. Bxb5+ axb5 23. Qg5 Qc7 24. Qf6 Rf8 25. Qh4 h5 26. Qf2 b6 27. Nb3 Nf5 28. Qd2 Ke7 29. Nd4 Nxd4 30. cxd4 Qb7 31. Rxc8 Rxc8 32. Rc1 Rc4 33. Kg1 Qc6 34. Rxc4 dxc4 35. Qc2 Qd5 36. Qd2 Qe4 37. Kf2 Kd7 38. Qe3 Qc6 39. Qc3 h4 40. Qc2 Qd5 41. Ke3 Qa8 42. Qb2 Qa4 43. Kd2 Qb3 44. Qxb3 cxb3 45. Kc3 Kc6 46. Kxb3 Kd5 47. a4 bxa4+ 48. Kxa4 Kc4 49. h3 Kxd4 50. Kb5 Ke4 51. Kxb6 Kxf4 52. Kc5 Kg3 53. b5 Kxg2 54. b6 Kxh3 55. b7 g5 56. b8Q g4 57. Kd4 g3 58. Ke3 1-0

[Event "Nabereznye Chelny op 8th"]
[Site "Nabereznye Chelny"]
[Date "2010.01.27"]
[Round "9"]
[White "Yatzenko, Anton"]
[Black "Sabaev, Evgueni"]
[Result "1/2-1/2"]
[WhiteElo "2348"]
[BlackElo "2262"]
[PlyCount "30"]
[EventDate "2010.01.19"]
[EventType "swiss"]
[EventRounds "9"]
[EventCountry "RUS"]
[SourceTitle "CBM 134 Extra"]
[Source "ChessBase"]
[SourceDate "2010.03.03"]
[SourceVersion "1"]
[SourceVersionDate "2010.03.03"]
[SourceQuality "1"]

1. d4 e6 2. e4 d5 3. Nd2 Nc6 4. Ngf3 Nf6 5. e5 Nd7 6. c3 f6 7. Bd3 fxe5 8. Nxe5 Ncxe5 9. dxe5 Nxe5 10. Qh5+ Nf7 11. h4 g6 12. Qe2 Qe7 13. Nb3 e5 14. f3 c6 15. Be3 Bf5 1/2-1/2

[Event "Nabereznye Chelny op 8th"]
[Site "Nabereznye Chelny"]
[Date "2010.01.25"]
[Round "7"]
[White "Ledin, Evgeny"]
[Black "Sabaev, Evgueni"]
[Result "0-1"]
[WhiteElo "1300"]
[BlackElo "2262"]
[PlyCount "76"]
[EventDate "2010.01.19"]
[EventType "swiss"]
[EventRounds "9"]
[EventCountry "RUS"]
[SourceTitle "CBM 134 Extra"]
[Source "ChessBase"]
[SourceDate "2010.03.03"]
[SourceVersion "1"]
[SourceVersionDate "2010.03.03"]
[SourceQuality "1"]

1. d4 e6 2. c4 f5 3. Nf3 Nf6 4. g3 d5 5. Bg2 c6 6. 0-0 Bd6 7. b3 Qe7 8. Bb2 b6 9. Qc1 Bb7 10. Na3 Nbd7 11. Ne5 Rc8 12. Nc2 0-0 13. Ne1 c5 14. Nxd7 Nxd7 15. cxd5 cxd4 16. Qd2 e5 17. f4 exf4 18. gxf4 Qe3+ 19. Qxe3 dxe3 20. Bd4 Rfe8 21. Nd3 Ba6 22. Rfd1 Bxd3 23. Rxd3 Bxf4 24. Rf1 g5 25. Bh3 Ne5 26. Rc3 Ng4 27. Rfc1 Rcd8 28. Bg2 Bxh2+ 29. Kf1 Bd6 30. Bh3 Nh2+ 31. Kg1 g4 32. Bg2 f4 33. Rc7 Bxc7 34. Rxc7 f3 35. Kxh2 Rxd5 36. Rg7+ Kf8 37. Rxg4 Rxd4 38. Rxd4 fxe2 0-1

[Event "Nabereznye Chelny op 8th"]
[Site "Nabereznye Chelny"]
[Date "2010.01.21"]
[Round "3"]
[White "Prikhodko, Anton"]
[Black "Sabaev, Evgueni"]
[Result "1-0"]
[WhiteElo "2074"]
[BlackElo "2262"]
[PlyCount "59"]
[EventDate "2010.01.19"]
[EventType "swiss"]
[EventRounds "9"]
[EventCountry "RUS"]
[SourceTitle "CBM 134 Extra"]
[Source "ChessBase"]
[SourceDate "2010.03.03"]
[SourceVersion "1"]
[SourceVersionDate "2010.03.03"]
[SourceQuality "1"]

1. e4 c5 2. Nf3 e6 3. d4 cxd4 4. Nxd4 Nc6 5. Nc3 Qc7 6. Be3 a6 7. Qd2 Nf6 8. 0-0-0 d6 9. f3 h5 10. Qf2 Nxd4 11. Bxd4 Bd7 12. Bb6 Qc8 13. Kb1 Be7 14. Be2 Bc6 15. Rhf1 Nd7 16. Bd4 b5 17. Bd3 b4 18. Ne2 e5 19. Be3 Nf6 20. Ng3 g6 21. h3 Qe6 22. Bg5 Nd7 23. Bxe7 Qxe7 24. Qd2 0-0 25. Bc4 Nb6 26. Bb3 Rfd8 27. Qh6 d5 28. Nxh5 gxh5 29. Qxc6 Rd6 30. Qc5 1-0